Statistics for Top 100 Marvel Characters

Click here to take the quiz!

General Stats

  • This quiz has been taken 281 times
    (265 since last reset)
  • The average score is 49 of 100

Answer Stats

Answer% Correct
Iron Man
96%
Spider Man
96%
Captain America
96%
Hulk
94%
Thor
93%
Black Widow
91%
Wolverine
87%
Hawkeye
85%
Black Panther
81%
Loki
78%
Ant Man
78%
Thanos
78%
Professor X
78%
Deadpool
76%
Cyclops
76%
Magneto
75%
Scarlet Witch
75%
Captain Marvel
74%
Star Lord
73%
Storm
72%
Quicksilver
72%
Mr Fantastic
72%
Human Torch
72%
Thing
71%
Invisible Woman
71%
Beast
71%
Falcon
70%
Groot
70%
Dr Strange
68%
Wasp
68%
Venom
66%
Vision
65%
War Machine
64%
Daredevil
64%
Rogue
62%
Winter Soldier
60%
Green Goblin
60%
Iceman
59%
Nick Fury
57%
Dr Doom
55%
Silver Surfer
54%
Mystique
54%
Colossus
54%
Gambit
53%
She Hulk
52%
Iron Fist
52%
Nightcrawler
51%
Punisher
51%
Rocket Raccoon
49%
Ghost Rider
49%
Angel
49%
Spider Woman
45%
Cable
43%
Elektra
42%
Ms Marvel
42%
Galactus
41%
Juggernaut
39%
Kingpin
37%
Jubilee
36%
Carnage
36%
Jessica Jones
36%
Emma Frost
34%
Doctor Octopus
34%
Havok
33%
Apocalypse
33%
Power Man
32%
X 23
31%
Kitty Pryde
30%
Psylocke
30%
Moon Knight
29%
Jean Gray
29%
Black Bolt
29%
Nova
27%
Captain Britain
26%
Hercules
21%
Wonder Man
19%
Adam Warlock
18%
Magik
16%
Howard The Duck
16%
Taskmaster
15%
Dazzler
15%
Cannonball
14%
Black Knight
14%
Spider Gwen
13%
Mary Jane Watson
12%
Squirrel Girl
11%
Blink
11%
Sub Mariner
9%
Wiccan
9%
Hank Pym
8%
Northstar
8%
Wonder Woman
7%
Jonah Jameson
3%
Madrox
2%
Miss America
2%
Shang Li
1%

Score Distribution

Percentile by Number Answered

Percent of People with Each Score

Your Score History

You have not taken this quiz since the last reset